logo

Bir Sreshtho Munshi Abdur Rouf Library
Jhenaidah Cadet College

প্রাথমিক ভৌত রসায়ন / (Record no. 9384)

MARC details
000 -LEADER
fixed length control field 00894nam a2200229 a 4500
001 - CONTROL NUMBER
JCCL Control Number 9384
003 - CONTROL NUMBER IDENTIFIER
JCCL marc code BD-JhCC
005 - DATE AND TIME OF LATEST TRANSACTION
control field 20180527100021.0
008 - FIXED-LENGTH DATA ELEMENTS--GENERAL INFORMATION
fixed length control field 180313s19761982bg |||| ||a| 001 0 b d
035 ## - SYSTEM CONTROL NUMBER
system control number (BD-JhCC)9384
040 ## - CATALOGING SOURCE
Original cataloging agency BD-JhCC
Modifying agency BD-JhCC
041 ## - LANGUAGE CODE
Language code of Book ben
082 ## - DEWEY DECIMAL CLASSIFICATION NUMBER
Classification number 541
Author mark and Year BIS 1976
100 ## - MAIN ENTRY--PERSONAL NAME
Personal name পালিত, শান্তিরঞ্জন ।
245 ## - TITLE STATEMENT
Title প্রাথমিক ভৌত রসায়ন /
Statement of responsibility, etc অধ্যাপক শান্তিরঞ্জন পালিত, দিলীপ কুমার বিশ্বাস (অনু.)
260 ## - PUBLICATION, DISTRIBUTION, ETC. (IMPRINT)
Place of publication, distribution, etc কলিকাতা :
Name of publisher, distributor, etc বুক সিন্ডিকেট প্রাইভেট লিমিটেড;
Date of publication, distribution, etc 1976.
300 ## - PHYSICAL DESCRIPTION
Pagination 618(vi) p. :
Dimensions 21 cm.
651 ## - SUBJECT ADDED ENTRY--GEOGRAPHIC NAME
Geographic name Physical chemistry.
700 ## - ADDED ENTRY--PERSONAL NAME
Personal name বিশ্বাস,দিলীপ কুমার
942 ## - ADDED ENTRY ELEMENTS (KOHA)
Source of classification or shelving scheme Dewey Decimal Classification
Koha item type Books
Holdings
Source of classification or shelving scheme Damaged status Not for loan Home library Current library Shelving location Cost, normal purchase price Total Checkouts Full call number Barcode Date last seen Copy number Koha item type
Dewey Decimal Classification     JCC Rouf Library JCC Rouf Library General Stacks 25.00   541 BIS 1976 11519 03/13/2018 C - 1 Books

JCC Library | Contacts | JCC Home

Last Update on 23 September 2017
Copyright @ 2017-2020 JCC Rouf Library
Rouf Library, Jhenidah Cadet College (JCC), Bangladesh